Storage proteins and enzyme activity during somatic embryogenesis in Algerian fir (Abies numidica De Lann.)

Bibliographic Details
Main Authors: Kormuťák, Andrej (Author), Vooková, Božena, 1946- (Author)
Format: Article
Language:English

MARC

LEADER 00000nab a2200000uu 4500
001 vtls011540901
003 SK-MaSNL
005 20260303140640.0
008 230218|2005 xo |||||||||||||||||eng|
015 |a SNBRB 
035 |a (urnnbn)urn:nbn:sk:snk:ar-a09szl 
035 |a (uuid)171a359e-0d1f-4d89-bb02-e918fe9cd660 
035 |a urn:nbn:sk:snk-abez12 
040 |a SNKBUCL  |b slo  |c SNKBUCL  |e AACR2 
041 0 |a eng 
044 |a xo  |c SK 
100 1 |a Kormuťák, Andrej  |4 aut  |9 774378 
245 1 0 |a Storage proteins and enzyme activity during somatic embryogenesis in Algerian fir (Abies numidica De Lann.)  |c Andrej Kormuťák, Božena Vooková 
700 1 |a Vooková, Božena,  |d 1946-  |4 aut  |9 38039 
773 0 |t Folia oecologica  |g Roč. 32, č. 1 (2005), s. 6-10 
958 |a OND 
958 |a EUIPO 
958 |a article22 
999 |c 1972607  |d 1974537